{"text_format":"2","workbook":"xlsx","n_sheets":2,"sheets":["intrastat","Sheet"],"not_rendered":{"charts":0,"images":0,"macros":0,"external_links":0,"defined_names":1,"comments":0,"pivot_tables":0},"unopened":[],"bounds":{"document_bytes":16777216,"sheet_cells":100000,"run_cost":"one","rows_first":2000,"rows_last":500,"rows_between":2000,"halvings":0,"cell_chars":16384,"cell_head_chars":4096},"cells_cut":0,"cells_raw":0,"read":"whole","date_system":"1900"}

{"sheet":"intrastat","index":0,"n_rows":59,"n_cols":25,"rows_kept":59,"cut":false,"hidden":false,"merged":[]}
["DATA","FURNIZOR","CF","CountryOfOrigin","EXP","DeliveryTermsCode","ACode","Bcode","TransportCode","INVNR","VSCODE","NAME","GROUP","UM","Q","PRICE","NETWEIGHT","NETVALUE","SUPPL","SUPPLVALUE","Ppacking","Spacking","Paper","Plastic","Wooden"]
["2024-08-14","ARAGORN LTD","BG115788778","CN","BG","EXW",1,1.1000000000000001,3,null,"48043158","HARTIE PROTECTIE JETKAD 19gr (ROLL 1.65m, 50kg)",null,"Buc",9,555.5,4050,4999.5,2,500]
["2024-08-01","ATLAS DIGITAL SA","EL094154295","JP","GR","EXW",1,1.1000000000000001,3,null,"32151100","ROLAND EUV4 BK",null,"Buc",10,313.10000000000002,4.6999999999999993,3131,2]
["2024-08-01","ATLAS DIGITAL SA","EL094154295","JP","GR","EXW",1,1.1000000000000001,3,null,"32151100","ROLAND UV INK UG-641 BK, 500cc",null,"Buc",2,252.5,0.94,505,2]
["2024-08-08","ATLAS DIGITAL SA","EL094154295","JP","GR","EXW",1,1.1000000000000001,3,null,"32151100","ROLAND D-UAP INK POUCH BK, 750cc",null,"Buc",5,292.89999999999998,2.35,1464.5,2]
["2024-08-26","ATLAS DIGITAL SA","EL094154295","JP","GR","EXW",1,1.1000000000000001,3,null,"32151100","ROLAND EUV4 BK",null,"Buc",5,313.10000000000002,2.35,1565.5,2]
["2024-08-26","ATLAS DIGITAL SA","EL094154295","JP","GR","EXW",1,1.1000000000000001,3,null,"32151100","ROLAND D-UAP INK POUCH BK, 750cc",null,"Buc",2,292.89999999999998,0.94,585.79999999999995,2,{"$f":"(166*5+1816)*0.05","v":132.30000000000001}]
["2024-08-01","ATLAS DIGITAL SA","EL094154295","JP","GR","EXW",1,1.1000000000000001,3,null,"32151900","ROLAND UV PRIMER METAL CMR-790 (1000 ml)",null,"Buc",2,126.25,1.36,252.5,2]
["2024-08-01","ATLAS DIGITAL SA","EL094154295","JP","GR","EXW",1,1.1000000000000001,3,null,"32151900","ROLAND MAX2 ESL4-440 MG",null,"Buc",1,409.05,0.62,409.05,2]
["2024-08-01","ATLAS DIGITAL SA","EL094154295","JP","GR","EXW",1,1.1000000000000001,3,null,"32151900","ROLAND UV INK UG-641 WH, 220cc",null,"Buc",20,131.30000000000001,9.3999999999999986,2626,2]
["2024-08-01","ATLAS DIGITAL SA","EL094154295","JP","GR","EXW",1,1.1000000000000001,3,null,"32151900","ROLAND UV INK UG-641 GL, 500cc",null,"Buc",2,252.5,0.94,505,2]
["2024-08-01","ATLAS DIGITAL SA","EL094154295","JP","GR","EXW",1,1.1000000000000001,3,null,"32151900","ROLAND TE2 INK YE 500cc",null,"Buc",4,214.63,2.84,858.5,2]
["2024-08-01","ATLAS DIGITAL SA","EL094154295","JP","GR","EXW",1,1.1000000000000001,3,null,"32151900","ROLAND UV INK UG-641 MG, 500cc",null,"Buc",2,252.5,0.94,505,2]
["2024-08-01","ATLAS DIGITAL SA","EL094154295","JP","GR","EXW",1,1.1000000000000001,3,null,"32151900","ROLAND UV INK UG-641 YE, 500cc",null,"Buc",2,252.5,0.94,505,2]
["2024-08-01","ATLAS DIGITAL SA","EL094154295","JP","GR","EXW",1,1.1000000000000001,3,null,"32151900","ROLAND TE2 INK MG 500cc",null,"Buc",2,214.63,1.42,429.25,2]
["2024-08-08","ATLAS DIGITAL SA","EL094154295","JP","GR","EXW",1,1.1000000000000001,3,null,"32151900","ROLAND MAX2 ESL4-440 YE",null,"Buc",2,409.05,1.24,818.1,2]
["2024-08-08","ATLAS DIGITAL SA","EL094154295","JP","GR","EXW",1,1.1000000000000001,3,null,"32151900","ROLAND TE2 INK MG 750cc",null,"Buc",5,297.95,8.5500000000000007,1489.75,2]
["2024-08-08","ATLAS DIGITAL SA","EL094154295","JP","GR","EXW",1,1.1000000000000001,3,null,"32151900","ROLAND D-UAP INK POUCH CY, 750cc",null,"Buc",3,292.89999999999998,1.41,878.7,2]
["2024-08-08","ATLAS DIGITAL SA","EL094154295","JP","GR","EXW",1,1.1000000000000001,3,null,"32151900","ROLAND D-UAP INK POUCH MG, 750cc",null,"Buc",5,292.89999999999998,2.35,1464.5,2]
["2024-08-08","ATLAS DIGITAL SA","EL094154295","JP","GR","EXW",1,1.1000000000000001,3,null,"32151900","ROLAND D-UAP INK POUCH YE, 750cc",null,"Buc",3,292.89999999999998,1.41,878.7,2]
["2024-08-08","ATLAS DIGITAL SA","EL094154295","JP","GR","EXW",1,1.1000000000000001,3,null,"32151900","ROLAND D-UAP INK POUCH GL, 750cc",null,"Buc",3,292.89999999999998,1.41,878.7,2]
["2024-08-08","ATLAS DIGITAL SA","EL094154295","JP","GR","EXW",1,1.1000000000000001,3,null,"32151900","ROLAND D-UAP INK POUCH WH, 750cc",null,"Buc",3,323.2,1.41,969.6,2]
["2024-08-08","ATLAS DIGITAL SA","EL094154295","JP","GR","EXW",1,1.1000000000000001,3,null,"32151900","ROLAND EUV5P INK POUCH RE 750cc",null,"Buc",1,464.6,1.71,464.6,2]
["2024-08-26","ATLAS DIGITAL SA","EL094154295","JP","GR","EXW",1,1.1000000000000001,3,null,"32151900","ROLAND EUV4 MG",null,"Buc",7,313.10000000000002,3.29,2191.6999999999998,2]
["2024-08-26","ATLAS DIGITAL SA","EL094154295","JP","GR","EXW",1,1.1000000000000001,3,null,"32151900","ROLAND EUV4 CY",null,"Buc",8,313.10000000000002,3.76,2504.8000000000002,2]
["2024-08-26","ATLAS DIGITAL SA","EL094154295","JP","GR","EXW",1,1.1000000000000001,3,null,"32151900","ROLAND D-UAP INK POUCH CY, 750cc",null,"Buc",4,292.89999999999998,1.88,1171.5999999999999,2]
["2024-08-26","ATLAS DIGITAL SA","EL094154295","JP","GR","EXW",1,1.1000000000000001,3,null,"32151900","ROLAND EUV5P INK POUCH OR 750cc",null,"Buc",1,464.6,1.71,464.6,2]
["2024-08-26","ATLAS DIGITAL SA","EL094154295","JP","GR","EXW",1,1.1000000000000001,3,null,"32151900","ROLAND D-UAP INK POUCH YE, 750cc",null,"Buc",4,292.89999999999998,1.88,1171.5999999999999,2]
["2024-08-26","ATLAS DIGITAL SA","EL094154295","JP","GR","EXW",1,1.1000000000000001,3,null,"32151900","ROLAND D-UAP INK POUCH MG, 750cc",null,"Buc",2,292.89999999999998,0.94,585.79999999999995,2]
["2024-08-26","ATLAS DIGITAL SA","EL094154295","JP","GR","EXW",1,1.1000000000000001,3,null,"32151900","ROLAND ESL3-440 YE",null,"Buc",2,409.05,1.24,818.1,2,{"$f":"(166*5+1816)*0.5","v":1323}]
["2024-08-08","ATLAS DIGITAL SA","EL094154295","JP","GR","EXW",1,1.1000000000000001,3,null,"34029090","ROLAND TR2 CLEANING LIQUID_2 500cc",null,"Buc",2,232.3,1.42,464.6,2,{"$f":"(166*5+1816)*0.05","v":132.30000000000001}]
["2024-08-01","ATLAS DIGITAL SA","EL094154295","JP","GR","EXW",1,1.1000000000000001,3,null,"84439990","ROLAND ASSY,HEAD INKJET SV LEF2-300",null,"Buc",4,2590.35,0,10361.39,2]
["2024-08-01","ATLAS DIGITAL SA","EL094154295","JP","GR","EXW",1,1.1000000000000001,3,null,"84439990","ROLAND PAD,CUTTER CG1107 for GR-640",null,"Buc",2,108.32,0,216.65,2]
["2024-08-01","ATLAS DIGITAL SA","EL094154295","JP","GR","EXW",1,1.1000000000000001,3,null,"84439990","ROLAND PAD,CUTTER GX-640",null,"Buc",2,111.61,0,223.21,2]
["2024-08-01","ATLAS DIGITAL SA","EL094154295","JP","GR","EXW",1,1.1000000000000001,3,null,"84439990","ROLAND PAD,CUTTER VS-640",null,"Buc",1,105.04,0,105.04,2]
["2024-08-08","ATLAS DIGITAL SA","EL094154295","JP","GR","EXW",1,1.1000000000000001,3,null,"84439990","ROLAND ZEC-J4012-7",null,"Buc",1,219.68,0,219.68,2]
["2024-08-08","ATLAS DIGITAL SA","EL094154295","JP","GR","EXW",1,1.1000000000000001,3,null,"84439990","ROLAND ASSY,SCAN MOTOR VP-540",null,"Buc",2,1066.81,0,2133.63,2]
["2024-08-26","ATLAS DIGITAL SA","EL094154295","JP","GR","EXW",1,1.1000000000000001,3,null,"84439990","ROLAND PAD,CUTTER VS-640",null,"Buc",1,105.04,0,105.04,2]
["2024-08-26","ATLAS DIGITAL SA","EL094154295","JP","GR","EXW",1,1.1000000000000001,3,null,"84439990","ROLAND P-ROLLER,FD16S4(B10) TYPE2-2 (INT)",null,"Buc",3,147.71,0,443.14,2]
["2024-08-26","ATLAS DIGITAL SA","EL094154295","JP","GR","EXW",1,1.1000000000000001,3,null,"84439990","ROLAND ASSY,CAP-TOP SV CG2076",null,"Buc",6,216.65,0,1299.8699999999999,2]
["2024-08-26","ATLAS DIGITAL SA","EL094154295","JP","GR","EXW",1,1.1000000000000001,3,null,"84439990","ROLAND ASSY,DAMPER DOUBLE CIR 3 CG2075",null,"Buc",6,216.65,0,1299.8699999999999,2]
["2024-08-26","ATLAS DIGITAL SA","EL094154295","JP","GR","EXW",1,1.1000000000000001,3,null,"84439990","ROLAND PAD,CUTTER BN-20",null,"Buc",3,32.83,0,98.48,2]
["2024-08-26","ATLAS DIGITAL SA","EL094154295","JP","GR","EXW",1,1.1000000000000001,3,null,"84439990","ROLAND XD-CH3",null,"Buc",3,242.4,0,727.2,2]
["2024-08-26","ATLAS DIGITAL SA","EL094154295","JP","GR","EXW",1,1.1000000000000001,3,null,"84439990","ROLAND ZS-35S SPINDLE UNIT",null,"Buc",1,1363.5,0,1363.5,2]
["2024-08-26","ATLAS DIGITAL SA","EL094154295","JP","GR","EXW",1,1.1000000000000001,3,null,"84439990","ROLAND DAMPER,INK VS-640_1",null,"Buc",10,292.14,15,2921.43,2,{"$f":"(166*5+1816)*0.4","v":1058.4000000000001}]
["2024-08-09","BROTHER INT INDUSTRIEMASCHINEN GMBH","DE814895445","JP","DE","EXW",1,1.1000000000000001,3,null,"29094100","BROTHER GTX PRE-TREATMENT 20Kg (17,5 Lt)",null,"Buc",10,2116.96,120,21169.599999999999,2,0]
["2024-08-28","BROTHER INT INDUSTRIEMASCHINEN GMBH","DE814895445","JP","DE","EXW",1,1.1000000000000001,3,null,"32151100","BROTHER GTX INK BLACK 350cc",null,"Buc",2,441.88,2.1,883.75,2,0]
["2024-08-09","BROTHER INT INDUSTRIEMASCHINEN GMBH","DE814895445","JP","DE","EXW",1,1.1000000000000001,3,null,"32151900","BROTHER GTX INK WHITE 700cc (2 pcs)",null,"Buc",30,1236.8499999999999,87,37105.379999999997,2]
["2024-08-09","BROTHER INT INDUSTRIEMASCHINEN GMBH","DE814895445","JP","DE","EXW",1,1.1000000000000001,3,null,"32151900","BROTHER GTX INK 18L WHITE (GTX BULK)",null,"Buc",2,8650.65,1,17301.3,2]
["2024-08-28","BROTHER INT INDUSTRIEMASCHINEN GMBH","DE814895445","JP","DE","EXW",1,1.1000000000000001,3,null,"32151900","BROTHER GTX INK CYAN 350cc",null,"Buc",2,441.88,2.7,883.75,2]
["2024-08-28","BROTHER INT INDUSTRIEMASCHINEN GMBH","DE814895445","JP","DE","EXW",1,1.1000000000000001,3,null,"32151900","BROTHER GTX INK MAGENTA 350cc",null,"Buc",2,441.88,1.05,883.75,2]
["2024-08-28","BROTHER INT INDUSTRIEMASCHINEN GMBH","DE814895445","JP","DE","EXW",1,1.1000000000000001,3,null,"32151900","BROTHER GTX INK YELLOW 350cc",null,"Buc",2,441.88,2.7,883.75,2]
["2024-08-28","BROTHER INT INDUSTRIEMASCHINEN GMBH","DE814895445","JP","DE","EXW",1,1.1000000000000001,3,null,"32151900","BROTHER GTX INK WHITE 700cc (2 pcs)",null,"Buc",2,1300.8800000000001,5.8,2601.7600000000002,2,0]
["2024-08-09","BROTHER INT INDUSTRIEMASCHINEN GMBH","DE814895445","JP","DE","EXW",1,1.1000000000000001,3,null,"34029090","BROTHER FULL MAINTENANCE KIT (GTX)",null,"Buc",4,190.89,4,763.56,2,0]
["2024-08-09","BROTHER INT INDUSTRIEMASCHINEN GMBH","DE814895445","JP","DE","EXW",1,1.1000000000000001,3,null,"84439990","BROTHER FLUSHING FOAM SET (PRO)",null,"Buc",4,60.1,0,240.38,2]
["2024-08-09","BROTHER INT INDUSTRIEMASCHINEN GMBH","DE814895445","JP","DE","EXW",1,1.1000000000000001,3,null,"84439990","BROTHER FILTER FELT KIT (GT3)",null,"Set",4,96.96,4,387.84,2,0]
["2024-08-05","STAHLS EUROPE GMBH","DE137872290","DE","DE","EXW",1,1.1000000000000001,3,null,"55039000","ST PROTECTION COVER for HEAT PLATEN",null,"Buc",3,227.25,1,681.75,2,{"$f":"20*5","v":100}]
["2024-08-29","STAHLS EUROPE GMBH","DE137872290","DE","DE","EXW",1,1.1000000000000001,3,null,"84439990","ST SP, STX HOUSING",null,"Buc",1,102.31,1,102.31,2,{"$f":"110*5*0.85","v":467.5}]
["2024-08-05","STAHLS EUROPE GMBH","DE137872290","DE","DE","EXW",1,1.1000000000000001,3,null,"84513000","ST HOTRONIX FUSION iQ 40x50",null,"Buc",1,10024.25,25,10024.25,2,{"$f":"110*5*0.15","v":82.5}]

{"sheet":"Sheet","index":1,"n_rows":0,"n_cols":0,"rows_kept":0,"cut":false,"hidden":false,"merged":[]}